Produkcja jabłek na świecie - Statystyki

Ogólne statystyki
  • Ten quiz został rozwiązany 117 razy
  • Średni wynik to 10 z 13
Statystyki odpowiedzi
Państwo tys. ton % Poprawnych
4 Polska 2877
98%
1 Chiny 37001
93%
9 Rosja 1403
91%
2 Stany Zjednoczone 4110
90%
10 Francja 1382
85%
5 Indie 2203
77%
13 Ukraina 1126
76%
6 Włochy 1991
73%
11 Brazylia 1335
72%
12 Argentyna 1250
62%
3 Turcja 2889
59%
8 Chile 1625
49%
7 Iran 1700
38%
Nie znaleziono quizów pasujących do podanych kryteriów
Rozkład punktacji
Procent ludzi z każdym wynikiem
Percentyl według liczby udzielonych odpowiedzi
Twoja historia wyników
Nie rozwiązałeś tego quizu